kamen rider final forms - Statistics

General Stats
  • This quiz has been taken 181 times
  • The average score is 13 of 22
Answer Stats
Hint Answer % Correct
ryuki survive
85%
kuuga ultimate
83%
faiz blaster
80%
agito shining
79%
kiva emperor
74%
decade complete / complete 21
73%
den-o liner
70%
build build genius
66%
wizard infinity
65%
w cyclonejoker xtreme
63%
zi-o grand zi o / oma zi o
63%
blade king form
55%
drive Type Tridoron
55%
hibiki armed
52%
gaim Kiwami Arms
50%
kabuto hyper form
46%
saber almighty saber / xross saber
44%
fourze cosmic states
44%
ex-aid Muteki Gamer
39%
ooo Putotyra Combo
39%
ghost Mugen Damashii
36%
zero one Realizing Hopper
25%
No matching quizzes found
Score Distribution
Percent of People with Each Score
Percentile by Number Answered
Your Score History
You have not taken this quiz